000 00636nam a2200241 a 4500
001 nice12345678
003 IN_TiNIC
005 20260116015104.0
008 050524s1997 laga grp 000 0 eng
020 _a9783366
_c100
082 0 0 _a968
_bBUL
100 _aBulbulia, Firdoze
245 _aCouncil of the Elders
_b a Tribute to the Veterans of the South African Liber
260 _aLagos
_bMinaj Pub
_c1997
300 _a00p
500 _aincludes index and biblioraphy
505 2 _aXerox Copy
650 _aSouth Asia-History
700 1 _aBulbulia, Firdoze
902 _bSRS
942 _cBK
999 _c18270
_d18270